00593nam a2200193 a 4500001001300000003000900013005001700022008004100039020001000080082001700090100001800107245006500125260004400190300000800234500003500242505007400277650003000351700001800381nice12345678IN_TiNIC20260116012524.0050524s1988 cala grp 000 0 urd  ac10000a922.97bHUS2 aHussain, Syed aSouvenirb Centenary Celebrations of Mawlana Abul Kalam Azad aCalcuttabMawlana Abul Kalam Azadc1988 a32p aincludes index and biblioraphy2 aChristian`s World/christian`s God/ Christian`s Life/christian`s Bible aAbul Kalam Azad-Biography1 aHussain, Syed